000 00647nam a2200241 i 4500
001 C2-0274137
003 PPAK
005 20180728003258.0
008 060918s1987 nyua|||| ||||| | eng d
020 _a0590438689
040 _aPPAK
_beng
_cPPAK
_erda
082 0 4 _a823
_223
090 0 0 _a823
_bMAC
_dK
100 1 _aMaccarone, Grace,
_eauthor
245 1 4 _aThe haunting of grade three
264 1 _aNew York :
_bScholastic Inc. ,
_c1987
300 _a94 pages :
_billustrations ;
_c20 cm
336 _2rdacontent
_atext
337 _2rdamedia
_aunmediated
338 _2rdacarrier
_avolume
650 1 0 _aEnglish fiction.
942 _ddc
_cB
999 _c81952
_d81952